| Tag |
First Indicator |
Second Indicator |
Subfields |
| LEADER |
00000nam a2200000 i 4500 |
| 001 |
in00005776213 |
| 005 |
20260327191523.7 |
| 006 |
m o d |
| 007 |
cr cnu---unuuu |
| 008 |
251002s2025 xx o 000 0 eng d |
| 040 |
|
|
|a OPELS
|b eng
|e rda
|e pn
|c OPELS
|d OCLCO
|
| 020 |
|
|
|z 9780443215193
|
| 035 |
|
|
|a (OCoLC)1543039780
|
| 050 |
|
4 |
|a TA418.9.N35
|
| 082 |
0 |
4 |
|a 620.1/15
|2 23/eng/20251002
|
| 049 |
|
|
|a TXAM
|
| 245 |
0 |
0 |
|a Electrospun Nanofibers.
|
| 264 |
|
1 |
|a [Place of publication not identified] :
|b Elsevier,
|c 2025.
|
| 300 |
|
|
|a 1 online resource.
|
| 336 |
|
|
|a text
|b txt
|2 rdacontent
|
| 337 |
|
|
|a computer
|b c
|2 rdamedia
|
| 338 |
|
|
|a online resource
|b cr
|2 rdacarrier
|
| 490 |
0 |
|
|a The Textile Institute Book Series
|
| 520 |
|
|
|a Electrospun Nanofibers covers advances in the electrospinning process including characterization, testing and modeling of electrospun nanofibers, and electrospinning for particular fiber types and applications. Electrospun Nanofibers offers systematic and comprehensive coverage for academic researchers, industry professionals, and postgraduate students working in the field of fiber science. This new edition will additionally cover areas related to the area of biomedical, tissue engineering and drug applications of electrospun nanofibers with eight brand new chapters. Electrospinning is the most commercially successful process for the production of nanofibers and rising demand is driving research and development in this field. Rapid progress is being made both in terms of the electrospinning process and in the production of nanofibers with superior chemical and physical properties. Electrospinning is becoming more efficient and more specialized in order to produce particular fiber types such as bicomponent and composite fibers, patterned and 3D nanofibers, piezoelectric, functional, and nanofibers derived from biodegradable polymers.
|
| 588 |
0 |
|
|a Publisher supplied information.
|
| 650 |
|
0 |
|a Nanofibers.
|
| 650 |
|
0 |
|a Electrospinning.
|
| 650 |
|
6 |
|a Nanofibres.
|
| 650 |
|
6 |
|a Électrofilature.
|
| 650 |
|
7 |
|a nanofiber.
|2 aat
|
| 655 |
|
7 |
|a Electronic books.
|2 local
|
| 700 |
1 |
|
|a Afshari, Mehdi
|
| 710 |
2 |
|
|a ScienceDirect (Online service)
|
| 856 |
4 |
0 |
|u http://proxy.library.tamu.edu/login?url=https://www.sciencedirect.com/science/book/9780443215193
|z Connect to the full text of this electronic book
|t 0
|
| 955 |
|
|
|a Elsevier ScienceDirect 2026-2027
|
| 994 |
|
|
|a 92
|b TXA
|
| 999 |
f |
f |
|i 318f01ff-92dc-45db-b19a-75895fce93c9
|s 2a505d08-218a-48cd-9ef7-67f76568e5db
|t 0
|
| 952 |
f |
f |
|a Texas A&M University
|b College Station
|c Electronic Resources
|s www_evans
|d Available Online
|t 0
|e TA418.9.N35
|h Library of Congress classification
|
| 998 |
f |
f |
|a TA418.9.N35
|t 0
|l Available Online
|